La memoria donde ardía /

Socorro Venegas (San Luis Potosí, 1972 - ), escritora y editora mexicana. Estudió Comunicación Social en la UAM-Xochimilco, y cuenta con una Maestría en Literatura por Centro de Investigación y Docencia en Humanidades de Morelos. Se ha desempeñado como rectora general adjunta de Fomento a la Lectura...

Descripció completa

Guardat en:
Dades bibliogràfiques
Autor principal: Venegas, Socorro (autor)
Format: Llibre
Idioma:espanyol
Publicat: Madrid, España : Páginas de Espuma, 2019, c2019
Col·lecció:(Voces/Literatura ; 279)
Matèries:
Etiquetes: Afegir etiqueta
Sense etiquetes, Sigues el primer a etiquetar aquest registre!

MARC

LEADER 00000nam^a2200000^a^4500
001 000578297
005 20250521000000.0
009 20260310132506.246
020 |a 978-607-8663-17-0 
037 |a Acervo ITESO - Biblioteca 
041 |a ESP 
082 |a 863.  |b VEN 
100 |a Venegas, Socorro  |e (autor) 
245 1 3 |a La memoria donde ardía /  |c S. Venegas. 
264 4 |a Madrid, España :  |b Páginas de Espuma,  |c 2019, c2019 
300 |a 106 p. 
336 |a texto  |b txt  |2 rdacontenido 
337 |a sin mediación  |b n  |2 rdamedio 
338 |a volumen  |b nc  |2 rdasoporte 
440 1 |a (Voces/Literatura ;  |v 279) 
520 |a Socorro Venegas (San Luis Potosí, 1972 - ), escritora y editora mexicana. Estudió Comunicación Social en la UAM-Xochimilco, y cuenta con una Maestría en Literatura por Centro de Investigación y Docencia en Humanidades de Morelos. Se ha desempeñado como rectora general adjunta de Fomento a la Lectura y el libro del CONACULTA, y encargada de la colección de literatura infantil y juvenil del Fondo de Cultura Económica. Ha recibido diversos premios nacionales de poesía y novela. Entre sus obras se encuentran las colecciones de cuentos La risa de las azucenas (1997). La muerte más blanca (2000), Todas las islas (2002) o La memoria donde ardía (2019), así como las novelas La noche será negra y blanca (2009) y Vestido de novia (2014). 
521 |a FIL 2023 DIA 
649 |a XX 
650 |a Cuentos Mexicanos 
650 |a Literatura Mexicana -  |y Siglo XXI 
650 |a Literatura de Mujeres -  |z México 
910 |a Fondo General 
920 |a Impresos - Libros 
930 |a Colección General 
940 |a Literatura 
905 |a 101 
901 |a 0500405758  |b IT1  |c LIT  |i C184897  |u 20250521 
902 |a https://opac.biblio.iteso.mx/vufind/Record/000578297